Básnik Ján Poničan /

Uložené v:
Podrobná bibliografia
Hlavný autor: Brezina, Ján, 1917-1997 (Author)
Médium: Kniha
Jazyk:Slovak
Vydané: Bratislava : Veda, 1988
Vydanie:1. vyd.
ISBN: (viaz.)
Fyzický popis: 317 s.
Tagy: Pridať tag
Žiadne tagy, Buďte prvý kto otaguje tento záznam!

MARC

LEADER 00000nam a2200000 a 4500
001 000201607
005 20061121162513.0
008 060420s1988 xo e 000 0 sloo
020 |a (viaz.) 
040 |a SVKKK  |b slo  |c SVKKK  |e AACR2 
041 0 |a slo 
044 |a xo  |c SK 
100 1 |a Brezina, Ján,  |d 1917-1997  |4 aut 
245 1 0 |a Básnik Ján Poničan /  |c Ján Brezina 
250 |a 1. vyd. 
260 |a Bratislava :  |b Veda,  |c 1988 
300 |a 317 s. 
998 |a BK 
090 |g SCKHL  |k Sklad Pribinova 2. posch.  |a II.315995  |j 773518  |i B86250  |s Absenčne 
090 |g SCKHL  |k Sklad Pribinova 2. posch.  |a II.315996  |j 773519  |i B86251  |s Absenčne 
090 |g SCKHL  |k Sklad Pribinova 2. posch.  |a II.325669  |j 773985  |i 2720244148  |s Absenčne